[Event "Paris-ch op"]
[Site "Paris"]
[Date "2001.07.28"]
[Round "8"]
[White "Amato, Roger"]
[Black "Brih, Said"]
[Result "1-0"]
[WhiteElo "2210"]
[BlackElo "2079"]
[PlyCount "45"]
[EventDate "2001.07.21"]
[EventType "swiss"]
[EventRounds "9"]
[EventCountry "FRA"]
[SourceTitle "CBM 083 Extra"]
[Source "ChessBase"]
[SourceDate "2001.09.11"]
[SourceVersion "1"]
[SourceVersionDate "2001.09.11"]
[SourceQuality "1"]

1. d4 Nf6 2. c4 g6 3. Nc3 d5 4. cxd5 Nxd5 5. e4 Nxc3 6. bxc3 Bg7 7. Nf3 c5 8. h3 0-0 9. Bc4 Qc7 10. Bb3 c4 11. Bc2 b6 12. Bg5 Bb7 13. Qd2 Nc6 14. 0-0 e6 15. e5 Ne7 16. Nh2 Nf5 17. Ng4 b5 18. Nf6+ Kh8 19. Qf4 h6 20. Bxf5 gxf5 21. Qh4 Rg8 22. Bxh6 Bxf6 23. Bg5+ 1-0

[Event "Avoine op 15th"]
[Site "Avoine"]
[Date "2000.07.25"]
[Round "4"]
[White "Amato, Roger"]
[Black "Colin, Vincent"]
[Result "1/2-1/2"]
[WhiteElo "2181"]
[BlackElo "2294"]
[PlyCount "82"]
[EventDate "2000.07.03"]
[EventType "swiss"]
[EventRounds "9"]
[EventCountry "FRA"]
[SourceTitle "EXT 2001"]
[Source "ChessBase"]
[SourceDate "2000.11.22"]
[SourceVersion "1"]
[SourceVersionDate "2000.11.22"]
[SourceQuality "1"]

1. d4 d5 2. Nf3 Nf6 3. c4 e6 4. Nc3 Be7 5. Bf4 0-0 6. e3 c5 7. dxc5 Bxc5 8. Qc2 Qa5 9. Nd2 Bb4 10. Nb3 Bxc3+ 11. bxc3 Qa4 12. cxd5 Nxd5 13. Bg3 Bd7 14. e4 Nb6 15. Bd3 Bb5 16. 0-0 Bxd3 17. Qxd3 Na6 18. Rfd1 Rac8 19. Bd6 Rfd8 20. e5 Qc4 21. Na5 Qxd3 22. Rxd3 Nc5 23. Rd4 Nba4 24. Nxb7 Nxc3 25. Nxd8 Ne2+ 26. Kf1 Nxd4 27. Rc1 Rxd8 28. Rxc5 h5 29. g3 a6 30. Kg2 Kh7 31. Rc4 Nb5 32. Rc6 Ra8 33. Bc5 Nc3 34. a3 Nd5 35. Kf3 g5 36. h4 g4+ 37. Ke4 Kg6 38. Bd6 Ra7 39. Bc5 Ra8 40. Bd6 Ra7 41. Bc5 Ra8 1/2-1/2

[Event "FRA-chT2S 9899"]
[Site "France"]
[Date "1999.??.??"]
[Round "9"]
[White "Amato, Roger"]
[Black "Van Elst, Andreas"]
[Result "0-1"]
[WhiteElo "2209"]
[BlackElo "2236"]
[PlyCount "66"]
[EventDate "1998.??.??"]
[EventType "team"]
[EventRounds "9"]
[EventCountry "FRA"]
[SourceTitle "EXT 2002"]
[Source "ChessBase"]
[SourceDate "2001.11.25"]
[SourceVersion "1"]
[SourceVersionDate "2001.11.25"]
[SourceQuality "1"]

1. d4 Nf6 2. c4 g6 3. Nc3 Bg7 4. e4 d6 5. Be2 0-0 6. Bg5 Nbd7 7. h4 c5 8. d5 Qa5 9. Bd2 a6 10. Qc2 Ne5 11. Nf3 Nxf3+ 12. Bxf3 Rb8 13. a4 Qc7 14. h5 e6 15. hxg6 fxg6 16. Be2 exd5 17. Nxd5 Nxd5 18. cxd5 Qe7 19. Bc3 Bxc3+ 20. bxc3 b5 21. axb5 axb5 22. Ra5 b4 23. cxb4 Rxb4 24. Ra4 Qf6 25. 0-0 Rb2 26. Qd1 Bd7 27. Ra3 Qf4 28. Bf3 g5 29. g3 Qf6 30. e5 Qxe5 31. Bg4 Bxg4 32. Qxg4 Rbxf2 33. Rf3 R8xf3 0-1

[Event "FRA-chT2S 9899"]
[Site "France"]
[Date "1998.12.06"]
[Round "4"]
[White "Prost, Frederic"]
[Black "Amato, Roger"]
[Result "1/2-1/2"]
[WhiteElo "2135"]
[BlackElo "2175"]
[PlyCount "34"]
[EventDate "1998.??.??"]
[EventType "team"]
[EventRounds "9"]
[EventCountry "FRA"]
[SourceTitle "EXT 2002"]
[Source "ChessBase"]
[SourceDate "2001.11.25"]
[SourceVersion "1"]
[SourceVersionDate "2001.11.25"]
[SourceQuality "1"]

1. d4 Nf6 2. Bg5 e6 3. Nf3 h6 4. Bxf6 Qxf6 5. e4 d5 6. Bd3 c5 7. exd5 exd5 8. 0-0 Be6 9. Re1 Nd7 10. c4 0-0-0 11. Nbd2 cxd4 12. cxd5 Bxd5 13. Be4 Bxe4 14. Nxe4 Qb6 15. Nxd4 Bb4 16. Re3 Ne5 17. Qc2+ Kb8 1/2-1/2

[Event "Montpellier op-A"]
[Site "Montpellier"]
[Date "1998.??.??"]
[Round "7"]
[White "Amato, Roger"]
[Black "Fressinet, Laurent"]
[Result "1/2-1/2"]
[WhiteElo "2175"]
[BlackElo "2450"]
[PlyCount "172"]
[EventDate "1998.07.??"]
[EventType "swiss"]
[EventRounds "9"]
[EventCountry "FRA"]
[SourceTitle "EXT 2000"]
[Source "ChessBase"]
[SourceDate "1999.11.16"]
[SourceVersion "1"]
[SourceVersionDate "1999.11.16"]
[SourceQuality "1"]

1. d4 d5 2. Nf3 Nf6 3. g3 e6 4. Bg2 Be7 5. c4 0-0 6. 0-0 dxc4 7. Qa4 a6 8. Qxc4 b5 9. Qc2 Bb7 10. Nbd2 Nc6 11. Ne4 Nb4 12. Nxf6+ Bxf6 13. Qb3 a5 14. a3 Bd5 15. Qc3 Nc6 16. Be3 Rb8 17. Rfc1 b4 18. axb4 Rxb4 19. Ne5 Bxg2 20. Nxc6 Bxc6 21. Qxc6 Rxb2 22. Rxa5 Rxe2 23. Kf1 Rb2 24. d5 e5 25. Ra7 Bg5 26. Bxg5 Qxg5 27. Rxc7 g6 28. d6 Qf5 29. Qc5 Rd2 30. Re7 Rd8 31. Rxe5 Rxf2+ 32. Qxf2 Qxe5 33. Rd1 Rxd6 34. Rxd6 Qxd6 35. Qe3 Kg7 36. Kg2 h5 37. h4 Kf8 38. Qh6+ Ke8 39. Qe3+ Kd7 40. Qb3 Qe6 41. Qb7+ Kd6 42. Qb6+ Kd5 43. Qb3+ Kd4 44. Qb2+ Kd3 45. Qb1+ Kc3 46. Qc1+ Kb3 47. Qb1+ Ka3 48. Qc1+ Ka4 49. Qa1+ Kb4 50. Qb2+ Qb3 51. Qd4+ Qc4 52. Qb2+ Ka4 53. Qa1+ Kb3 54. Qb1+ Ka3 55. Qb7 Qb3 56. Qe7+ Kb2 57. Qe5+ Qc3 58. Qd5 Qc2+ 59. Kg1 Qb3 60. Qe5+ Kc2 61. Kg2 Qc3 62. Qe7 Qc4 63. Qe5 Kd1 64. Kf2 Qc2+ 65. Kg1 Qd2 66. Qf6 Qe3+ 67. Kg2 Qe2+ 68. Kg1 Qe6 69. Qf3+ Kd2 70. Qf2+ Kd3 71. Qf1+ Kd4 72. Qf4+ Kd5 73. Qf3+ Kc4 74. Qf4+ Kc3 75. Qf3+ Kb4 76. Qf4+ Qc4 77. Qd2+ Kc5 78. Qa5+ Kd4 79. Qd2+ Qd3 80. Qf4+ Kc3 81. Qc1+ Kb3 82. Qf4 Kc2 83. Qa4+ Kd2 84. Qa2+ Ke3 85. Qf2+ Ke4 86. Qf4+ Kd5 1/2-1/2

[Event "FRA-chT2S 9798"]
[Site "France"]
[Date "1998.??.??"]
[Round "5"]
[White "Lamorelle, Yves"]
[Black "Amato, Roger"]
[Result "0-1"]
[WhiteElo "2225"]
[BlackElo "2175"]
[PlyCount "75"]
[EventDate "1997.??.??"]
[EventType "team"]
[EventRounds "9"]
[EventCountry "FRA"]
[SourceTitle "EXT 2003"]
[Source "ChessBase"]
[SourceDate "2002.11.25"]
[SourceVersion "1"]
[SourceVersionDate "2002.11.25"]
[SourceQuality "1"]

1. e4 c5 2. Nf3 d6 3. d4 cxd4 4. Qxd4 a6 5. c4 Nc6 6. Qd2 Nf6 7. Nc3 Bg4 8. Be2 g6 9. b3 Bg7 10. Bb2 0-0 11. 0-0 Rc8 12. h3 Bxf3 13. Bxf3 Qa5 14. Rad1 b5 15. cxb5 axb5 16. g3 Ne5 17. Bg2 b4 18. Na4 Nc4 19. bxc4 Qxa4 20. e5 dxe5 21. Rc1 Qxa2 22. c5 Bh6 23. Qxh6 Qxb2 24. g4 b3 25. c6 Rfd8 26. Rfd1 Rxd1+ 27. Rxd1 Qc2 28. Qd2 e4 29. g5 Ne8 30. Qe1 Qxc6 31. Bxe4 Qc5 32. h4 Nd6 33. Bd5 Nf5 34. Bxb3 Nxh4 35. Bd5 Qxd5 36. Rxd5 Nf3+ 37. Kf1 Nxe1 38. Kxe1 0-1

[Event "FRA-chB"]
[Site "Meribel"]
[Date "1998.??.??"]
[Round "1"]
[White "Touzane, Olivier"]
[Black "Amato, Roger"]
[Result "1-0"]
[WhiteElo "2350"]
[BlackElo "2175"]
[PlyCount "41"]
[EventDate "1998.08.??"]
[EventType "swiss"]
[EventRounds "10"]
[EventCountry "FRA"]
[SourceTitle "EXT 2000"]
[Source "ChessBase"]
[SourceDate "1999.11.16"]
[SourceVersion "1"]
[SourceVersionDate "1999.11.16"]
[SourceQuality "1"]

1. d4 Nf6 2. c4 g6 3. Nc3 Bg7 4. e4 d6 5. f3 0-0 6. Bg5 a6 7. Qd2 c6 8. Bh6 b5 9. h4 e5 10. Nge2 Nbd7 11. h5 Bxh6 12. Qxh6 Qe7 13. 0-0-0 bxc4 14. g4 Nb6 15. g5 Ne8 16. f4 Ra7 17. Bh3 Bxh3 18. Rxh3 exd4 19. Nxd4 d5 20. Nxc6 Qd7 21. hxg6 1-0